Top 15 des pays qui produisent le plus de films - Statistiques

Statistiques générales
  • Ce quiz a été pris 551 fois
  • Le résultat moyen est 13 sur 15
Statistiques - réponses
Nombre de films par ans Pays % Correct
660 États-Unis
100%
300 France
99%
1813 Inde
96%
874 Chine
95%
241 Espagne
95%
689 Japon
92%
233 Allemagne
90%
173 Italie
90%
285 Royaume-uni
90%
160 Brésil
89%
176 Mexique
83%
339 Corée du sud
77%
220 Argentine
71%
148 Turquie
54%
997 Nigeria
37%
Aucun quiz correspondant
Distribution des résultats
% des personnes avec chaque résultat
Percentile par nombre de réponses
Votre historique - résultats
Vous n’avez pas pris ce quiz